00672cam a22002177a 4500003000500000005001700005008004100022010001000063011001000073035001000083040000900093082001600102110002200118245010800140260005900248300001100307490003700318650003800355650002400393830003700417CHAP20220817043312.0971013s1974 r 00010 d a71150 a72122 a81676 cCHAP a339.42bB34 aBanco de México13aLa distribución del ingreso en México :bencuesta sobre los ingresos y gastos de las familias, 1968 aMéxico, D. F. :bFondo de Cultura Económica,c1974 a173 p. 0aSección de obras de economía14aCostos y nivel de vidazMéxico.14aIngresoszMéxico.0 aSección de obras de economía